A vida de um marinheiro no tempo dos grandes veleiros (Registo nº 2747)
[ vista simples ]
| 000 -Etiqueta do registo | |
|---|---|
| Cabeçalho | 00925nam a22003131 4500 |
| 005 - Identificador da versão | |
| Campo de controlo | 20240813121943.0 |
| 095 ## - | |
| -- | PTBN00025769 |
| 021 ## - Número do Depósito Legal | |
| Código do país | PT |
| Número | 4715/84 |
| 100 ## - Dados gerais de processamento | |
| Dados gerais de processamento | 19980406d1984 da y0pory5003 ba |
| 102 ## - Pais de publicação ou produção | |
| País de publicação | Portugal |
| 101 1# - Língua de publicação | |
| Língua do texto, banda sonora, etc. | Português |
| 106 ## - Campo de dados codificados: material textual | |
| Dados codificados do material textual | r |
| 105 ## - Campo de dados codificados: livros | |
| Dados codificados dos livros | a z 000yy |
| 215 ## - Descrição física | |
| Indicação específica da natureza do documento e extensão da espécie | 55, [6] p. |
| Outras indicações físicas | muito il. |
| Dimensões | 29 cm |
| 200 1# - Titulo e menção de responsabilidade | |
| Título próprio | A vida de um marinheiro no tempo dos grandes veleiros |
| Primeira menção de responsabilidade | Erik Abranson |
| Outras menções de responsabilidade | il. Edward Mortelmans |
| -- | trad. Rui Viana Pereira |
| 225 2# - Colecção | |
| Título próprio da colecção | Vida quotidiana |
| Indicação de volume | 2 |
| 210 ## - Publicação, Distribuição, etc. | |
| Lugar da edição, distribuição, etc. | Lisboa |
| Nome do editor, distribuidor, etc. | Verbo |
| Data da publicação, distribuição, etc. | imp. 1984 |
| 606 ## - Nome comum usado como assunto | |
| Número de registo de entrada de autoridade | 0001662 |
| Palavra de ordem | História universal |
| Número de registo de entrada de autoridade | 0001468 |
| Palavra de ordem | Etnografia |
| 675 ## - Classificação Decimal Universal (CDU) | |
| Notação | 94 |
| Edição | 2ª |
| Língua da edição | por |
| Notação | 39 |
| Edição | 2ª |
| Língua da edição | por |
| 702 #1 - Nome de autor-pessoa física (responsabilidade secundária) | |
| Número de registo de entrada de autoridade | 0001693 |
| Palavra de ordem | Mortelmans |
| Outra parte do nome não tomada para palavra de ordem | Edward |
| Código de função | Ilustrador / Técnico de desenho computorizado |
| Número de registo de entrada de autoridade | 0001694 |
| Palavra de ordem | Pereira |
| Outra parte do nome não tomada para palavra de ordem | Rui Viana |
| Código de função | Tradutor |
| 700 #1 - Nome de autor-pessoa física (responsabilidade principal) | |
| Número de registo de entrada de autoridade | 0001575 |
| Palavra de ordem | Abranson |
| Outra parte do nome não tomada para palavra de ordem | Erik |
| 942 ## - Elementos de entrada adicionados (Koha) | |
| Tipo de item no Koha | Livro |
| Situação do levantamento | Origin of item (home branch) (coded) | Biblioteca de empréstimo | Código de barras | Cota | Circulation type (not for loan) | Tipo de documento | Nota do exemplar | Damaged status |
|---|---|---|---|---|---|---|---|---|
| Biblioteca Escolar da Coca Maravilhas | Biblioteca Escolar da Coca Maravilhas | BECM3647/98 | 9UNI ABR | Livro | Sem mensagem |
